Krótki quiz o Polsce - Statystyki

Ogólne statystyki
  • Ten quiz został rozwiązany 482 razy
  • Średni wynik to 7 z 10
Statystyki odpowiedzi
Zagadnienie Odpowiedź % Poprawnych
Kto jest autorem słów do polskiego hymnu? Józef Wybicki
92%
Jaka puszcza jest domem dla 800 żubrów, czyli najcięższego w Europie zwierzęcia lądowego? Puszcza Białowieska
84%
Które z poniższych miast NIE jest położone na zachodzie Polski? Płock
76%
Darem od jakiego kraju jest Pałac Kultury i Nauki w Warszawie? Rosja/ZSRR
76%
Czyj portret znajduje się na banknocie o wartości 500 zł? Jan III Sobieski
72%
Kto w Polsce jest organem władzy wykonawczej? Prezydent RP oraz Rada Ministrów
72%
Które miasto w naszym kraju słynie z ceramiki? Bolesławiec
60%
Prezydent RP przyznaje medal parom, które pozostają w związku małżeńskim przez co najmniej ile lat? 50
48%
Ile miast znajduje się obecnie na terenie Polski? 964
48%
Ile procent powierzchni naszego kraju zajmują lasy? około 30 procent
36%
Nie znaleziono quizów pasujących do podanych kryteriów
Rozkład punktacji
Procent ludzi z każdym wynikiem
Percentyl według liczby udzielonych odpowiedzi
Twoja historia wyników
Nie rozwiązałeś tego quizu